000 00573nam a2200181Ia 4500
008 100917s9999 xx 000 0 und d
082 _b11338
100 _aप्रभु सुधाकर
245 _aरण झाले शर्थीचे
260 _bजगताप कारले प्रकाशन
_c1972
300 _a64
365 _b2
520 _aबालविभाग
630 _aरण झाले शर्थीचे
650 _aबालविभाग
730 _aरण झाले शर्थीचे
942 _cBOOK
999 _c616732
_d616729